| 000 | 00338nam a22001337a 4500 | ||
|---|---|---|---|
| 020 | _a9788126533169 | ||
| 082 |
_222 _a621.39814 |
||
| 100 | _aKaduskar, R.G and Baru, V.B. | ||
| 245 | _aElectronic product design / | ||
| 250 | _a3rd. | ||
| 260 |
_aNew Delhi, _bWiley India, _cc2012. |
||
| 300 |
_axx, 500p. ; _bill. ; _c24 cm. |
||
| 942 |
_2ddc _cEE |
||
| 999 |
_c980 _d980 |
||